Conceptes 1939 : assaigs / per A. Oriol i Anguera assaigs / per A. Oriol i Anguera
Descripción Física:
299 p. : il. ; 19 cm
Materias:
Ciència i civilització
MARC
| LEADER | 00000nam a2200000Ia 4500 | ||
|---|---|---|---|
| 001 | 654 | ||
| 008 | 160829s1938 xx 000 0 cat d | ||
| 080 | |a F-1-57 | ||
| 100 | |a Oriol Anguera, A. |9 42535 | ||
| 245 | |a Conceptes 1939 : |b assaigs / per A. Oriol i Anguera | ||
| 260 | |a Barcelona : |b Atena, |c 1938 | ||
| 300 | |a 299 p. : |b il. ; |c 19 cm | ||
| 650 | |a Ciència i civilització |9 25237 | ||
| 901 | |a Arxiu | ||
| 942 | |n 1 | ||
| 952 | |0 0 |1 0 |4 0 |6 F157 |7 1 |9 43518 |a Arxiu |b Arxiu |d 2016-12-01 |l 0 |o F-1-57 |p 654 |r 2016-12-01 00:00:00 |w 2016-12-01 |y ARXIU | ||
| 999 | |c 46064 |d 46064 | ||